01229nam a2200205 a 450000100100000000500170001000800410002704000250006808200170009310000390011024500430014926000500019230000320024250505040027465000420077865000620082091000060088295201200088899900150100800000159820260429135247.0721212s1922 xxca 001 u eng  aDO-SdBNPbspacBNPHU a820.9bV217c1 aVan Dyke, Henry,d1852-1933.9524010aCompanionable books /cHenry Van Dyke. aToronto, Canada :bThe Copp Clark Co.,c1922. aix, 391 p. :bil. ;c20 cm.0 aEl libro de los libros -- Poesía en los Salmos -- El encanto de una buena Dickens -- Thackeray y los hombres de verdad -- George Eliot y mujeres reales - El poeta de la juventud inmortal (Keats)-- La recuperación de la alegría (Wordsworth) -- "La gloria de lo imperfecto" (Browning) - Un compañero pintorescas por corrientes tranquilas (Walton) -- Un creyente fuerte (Samuel Johnson) -- Un puritano, más poesía (Emerson) -- Un aventurero en una chaqueta de terciopelo (Stevenson ) buscar 0aLiteraturaxHistoria y crítica9835 0aLiteratura inglesaxHistoria y críticay1852-193395241 aC 001052708MOaGRbGRcCTd2009-09-11iLF1l0o820.9 V217cp1598-10r2020-06-25w2020-06-25y2ZPréstamo interno c1493d1493